000 00678nam a2200205Ia 4500
003 GCL
008 140319s9999 xx 000 0 ara d
040 _aGCL /
_cGCL
082 0 4 _aق
_b301.35
_bم ق
100 1 _aحسن الساعاتى
245 1 0 _aالقرية المصرية بين التاريخ وعلم الاجتماع /
_cحسن الساعاتى
700 1 _aمحمود عودة
300 _a236 ص
490 _aالهيئة العامة للاستعلامات
_v0
650 0 4 _aالاجتماع، علم
650 0 4 _aالقرية
650 0 4 _aالاجتماع الريفى، علم
650 0 4 _aالاصلاح الزراعى - مصر
942 _2ddc
_cBK
999 _c49834
_d49834